| 000 | 00476nam a22001577a 4500 | ||
|---|---|---|---|
| 999 |
_c8614 _d8614 |
||
| 003 | OSt | ||
| 008 | 200320b ||||| |||| 00| 0 eng d | ||
| 020 | _a9780702053627 | ||
| 100 | _aJames M. Ritter, Rod J. Flower, Graeme Henderson & Humphrey P. Rang | ||
| 245 | _aRang & Dale's Pharmacology | ||
| 250 | _a9th (2016) | ||
| 260 |
_aNew Delhi _bElsevier India |
||
| 300 | _aPaperback: 789 pages, Dimensions: 21.6 x 3.2 x 27.3 cm | ||
| 650 | _aPharmacology | ||
| 942 |
_2ddc _cBK _05 |
||